How not to be a Money Launderer
Salvato in:
| Autore principale: | |
|---|---|
| Natura: | Libro |
| Lingua: | inglese |
| Pubblicazione: |
Brentwood
Silkscreen Publ.
1996
|
| Edizione: | 1. ed. |
| Soggetti: | |
| Tags: |
Nessun Tag, puoi essere il primo ad aggiungerne!!
|
MARC
| LEADER | 00000nam a2200000 4500 | ||
|---|---|---|---|
| 001 | c021738 | ||
| 005 | 20221205125248.7 | ||
| 020 | |a 0-9527365-0-0 | ||
| 041 | 0 | |a eng | |
| 044 | |a GB | ||
| 245 | 1 | 0 | |a How not to be a Money Launderer |c Nigel Morris-Cotterill |
| 250 | |a 1. ed. | ||
| 264 | 1 | |a Brentwood |b Silkscreen Publ. |c 1996 | |
| 300 | |a 254 s. | ||
| 610 | 2 | 0 | |a peniaze |
| 610 | 2 | 0 | |a zákony |
| 610 | 2 | 0 | |a obchod nezákonný |
| 610 | 2 | 0 | |a obchod čierny |
| 610 | 2 | 0 | |a kriminalita |
| 610 | 2 | 0 | |a drogy |
| 610 | 2 | 0 | |a problémy spoločenské |
| 610 | 2 | 0 | |a banky |
| 610 | 2 | 0 | |a legislatíva |
| 610 | 2 | 0 | |a pranie špinavých peňazí |
| 610 | 2 | 0 | |a riziko |
| 610 | 2 | 0 | |a regulácia |
| 610 | 2 | 0 | |a povolania |
| 100 | 1 | |a Morris-Cotterill, Nigel | |